Law of the European convention on human rights
Enregistré dans:
| Auteur principal: | |
|---|---|
| Format: | Livre |
| Langue: | Undetermined |
| Publié: |
London
Butterworths
1996
|
| Sujets: | |
| Tags: |
Ajouter un tag
Pas de tags, Soyez le premier à ajouter un tag!
|
| Thư viện lưu trữ: | Trung tâm Học liệu Trường Đại học Cần Thơ |
|---|
| LEADER | 00591nam a2200205Ia 4500 | ||
|---|---|---|---|
| 001 | CTU_27158 | ||
| 008 | 210402s9999 xx 000 0 und d | ||
| 020 | |c 112.50 | ||
| 082 | |a 341.481 | ||
| 082 | |b H313 | ||
| 100 | |a Harris, D. J. | ||
| 245 | 0 | |a Law of the European convention on human rights | |
| 245 | 0 | |c D. J. Harris, C. Warbrick, M. O'Boyle | |
| 260 | |a London | ||
| 260 | |b Butterworths | ||
| 260 | |c 1996 | ||
| 650 | |a Civil rights,Human rights,International law | ||
| 650 | |z Europe | ||
| 904 | |i Minh, Giang sửa | ||
| 980 | |a Trung tâm Học liệu Trường Đại học Cần Thơ | ||